000 00659nam a2200205Ia 4500
003 GCL
008 140319s9999 xx 000 0 ara d
020 _a1374305977
040 _aGCL /
_cGCL
082 0 4 _a813.01
_bم م
100 1 _aمحمد جبريل
245 1 0 _aموت قارع الأجراس /
_cمحمد جبريل
250 _aالاولى
260 _aالقاهرة :
_bالهيئة العامة لقصور الثقافة ،
_c2002
300 _a189 ص ؛
_c20 سم
490 _aاصوات ادبية
_v329
650 0 4 _aالقصص العربية القصيرة
650 0 4 _aالقصص العربية - مجموعات
942 _2ddc
_cBK
999 _c9547
_d9547